000 00431nam a2200181Ia 4500
001 17230
005 20260306170409.0
008 260306t2013||||xx |||||||||||||| ||und||
041 _aESP
082 _a657.61
_bA93A
100 _aAyala Zavala, Pascual
_eAUT
245 0 _aNIIF comentarios y casuĂ­stica
260 _c2013
300 _a425 páginas :
_c24 cm.
650 _aGEN
654 _aCCO
942 _cLIB
_dJUS
_fJUS
_2ddc
_n
999 _c17230
_d17230